| 000 | 00568cam a22001337a 4500 | ||
|---|---|---|---|
| 008 | 180718b1976 xxu||||| |||| 00| 0 eng d | ||
| 082 | _aU6x54 B899 | ||
| 245 |
_aToward higher productivity: report of seminar on higher productivity in public sector production enterprises, September 12, 13, 1975, Vigyan Bhawan, New Delhi _cby Bureau of Public Enterprises |
||
| 260 |
_aNew Delhi _bStanding Conference of Public Enterprises _c1976 |
||
| 300 | _a250p. | ||
| 650 | _aLabour productivity | ||
| 650 | _aGovernment enterprise - India | ||
| 700 | _aBureau of Public Enterprises | ||
| 999 |
_c478491 _d478491 |
||